25 bài trắc nghiệm tiếng Anh cấp độ B

Sách gồm 25 đề thi, đán án và bài luận mẫu cấp độ B môn tiếng Anh dựa trên chương trình thi do Sở giáo dục và đào tạo Thành phố Hồ Chí Minh tổ chức hàng năm. Sách xoay quanh các vấn đề liên quan đến việc thi trình độ B như: điều kiện,...

Celý popis

Uloženo v:
Podrobná bibliografie
Hlavní autor: Trần, Văn Diệm
Médium: Kniha
Jazyk:Undetermined
Vydáno: Hà Nội Thanh Niên 2009
Témata:
Tagy: Přidat tag
Žádné tagy, Buďte první, kdo otaguje tento záznam!
Thư viện lưu trữ: Trung tâm Học liệu Trường Đại học Cần Thơ
LEADER 01128nam a2200217Ia 4500
001 CTU_159236
008 210402s9999 xx 000 0 und d
020 |c 35000 
082 |a 428.0076 
082 |b D304 
100 |a Trần, Văn Diệm 
245 0 |a 25 bài trắc nghiệm tiếng Anh cấp độ B 
245 0 |c Trần Văn Diệm 
260 |a Hà Nội 
260 |b Thanh Niên 
260 |c 2009 
520 |a Sách gồm 25 đề thi, đán án và bài luận mẫu cấp độ B môn tiếng Anh dựa trên chương trình thi do Sở giáo dục và đào tạo Thành phố Hồ Chí Minh tổ chức hàng năm. Sách xoay quanh các vấn đề liên quan đến việc thi trình độ B như: điều kiện, thủ tục, lịch thi, thang điểm,...,giúp trang bị kiến thức cho thí sinh trước khi dự thi. 
650 |a English language 
650 |x Problems, exercises, etc 
904 |i Ngọc Mai (Bé Ba), Bạch Trúc 
980 |a Trung tâm Học liệu Trường Đại học Cần Thơ